The facilitators' handbook

Bibliographic Details
Main Author: Heron, John (Author)
Format: Book
Language:English
Published: London : Kogan Page 1989
Subjects:

MARC

LEADER 00000cam a2200000 7i4500
001 0000001363
005 20240924.0
008 991125 enk eng
020 |a 0749400102 
040 |a INS   |b eng   |e rda 
090 0 0 |a HM134   |b .H46 1989 
100 1 |a Heron, John ,   |e author 
245 1 4 |a The facilitators' handbook   |c John Heron 
264 1 |a London :   |b Kogan Page   |c 1989 
300 |a 150 pages ;   |c 24 cm. 
336 |a text  |2 rdacontent 
337 |a unmediated  |2 rdamedia 
338 |a volume  |2 rdacarrier 
504 |a Includes bibliographical references and index 
650 0 0 |a Experiential leaening 
650 0 0 |a Group relations trainning 
999 |a 0000004821   |b BOOK   |c Open Shelf   |e Default branch